| 000 | 00655nam a2200217Ia 4500 | ||
|---|---|---|---|
| 003 | GCL | ||
| 008 | 140319s9999 xx 000 0 ara d | ||
| 040 |
_aGCL / _cGCL |
||
| 082 | 0 | 4 |
_a242 _bع ن |
| 100 | 1 | _aعلى مبروك | |
| 245 | 1 | 0 |
_aالنبوة من علم العقائد الى فلسفة التاريخ / _cعلى مبروك |
| 260 |
_a[S.N] : _bدار التنوير للطباعة والنشر ، _c1993 |
||
| 300 | _a302 ص | ||
| 490 | _a | ||
| 650 | 0 | 4 | _aالفلسفة الاسلامية |
| 650 | 0 | 4 | _aالتوحيد |
| 650 | 0 | 4 | _aالسمعيات |
| 650 | 0 | 4 | _aالنبوات |
| 650 | 0 | 4 | _aعلم الكلام |
| 942 |
_2ddc _cBK |
||
| 999 |
_c28332 _d28332 |
||